000 00583nam a22002297a 4500
003 UA-OsUOA
001 68456
007 ta
008 20100426b un ||||| |||| 00| 0 ukr d
090 _a2
_bР36
942 _cMG
040 _aUA-OsUOA
_bukr
_cUA-OsUOA
_dUA-OsUOA
245 _aРелігія в Україні
_bІнтернет-портал
_cДмитрук А.О.
300 _a264 с.
955 _a4
041 _aukr
080 _a2
260 _aК.
246 3 1 _aОгляд публікацій
_n
044 _aUA
650 7 _a2 Релігія. Теологія.
_2UDC
999 _c354700
_d354700